Kabba A Play (Record no. 2746)

MARC details
000 -LEADER
fixed length control field 00316nam a22001337a 4500
008 - FIXED-LENGTH DATA ELEMENTS--GENERAL INFORMATION
fixed length control field 250327b |||||||| |||| 00| 0 eng d
020 ## - INTERNATIONAL STANDARD BOOK NUMBER
ISBN 9783540726
100 ## - MAIN ENTRY--AUTHOR
Author ASOBELE Timothy Jide
245 ## - TITLE STATEMENT
Title Kabba A Play
260 ## - PUBLICATION, DISTRIBUTION, ETC. (IMPRINT)
Place of publication Lagos
Name of publisher Promocomms Ltd.
Date of publication 2001
300 ## - COLLATION
Pagination iv, 215p.
942 ## - ADDED ENTRY ELEMENTS (KOHA)
Item type Books
050 ## - LIBRARY OF CONGRESS CALL NUMBER
Classification number PN56
Item number .A86
Holdings
Source of classification or shelving scheme Not for loan Permanent location Current location Date acquired Accession No. Full call number Barcode. Koha item type
Library of Congress Classification   Samuel Ogbemudia Main Library, University of Abuja Samuel Ogbemudia Main Library, University of Abuja 03/26/2025 2007/33719 PN56.A86 2025-1045 Books